Statistiche per Primi 15 paesi interessati da Covid-19 - 25 agosto 2021

Clicka qui per fare il quiz!

Statistiche generali

  • Questo quiz è stato fatto 3 volte
  • Il punteggio medio è 14 su 26

Statistiche sulle risposte

paese% Corretto
Argentina
100%
Brasile
100%
Francia
100%
Germania
100%
India
100%
Italia
100%
Messico
100%
Regno Unito
100%
Russia
100%
Spagna
100%
Stati Uniti
100%
Paesi Bassi
67%
Turchia
67%
Colombia
33%
Indonesia
33%
Iran
33%
Israele
33%
Bahrain
0%
Cechia
0%
Estonia
0%
Georgia
0%
Lituania
0%
Panama
0%
Slovenia
0%
Svezia
0%
Uruguay
0%

Distribuzione punteggi

Percentile per numero di risposta

Percentuale di utenti per punteggio

I tuoi punteggi nel tempo

Non hai fatto questo quiz